[Event "2nd Indonesia Open Chess Championship ( "]
[Site "Puri Ratna Ballroom, Grand Sah"]
[Date "2012.10.11"]
[Round "1.27"]
[White "Cao, Sang"]
[Black "Aris, T.L.S."]
[Result "1-0"]
[WhiteElo "2514"]
[BlackElo "2238"]
[PlyCount "63"]
[EventDate "2012.10.11"]

1. e4 e6 2. d4 d5 3. Nc3 Nf6 4. Bg5 Be7 5. e5 Nfd7 6. h4 Bxg5 7. hxg5 Qxg5 8.
Nh3 Qe7 9. Nf4 Nb6 10. Bd3 Nc6 11. Nh5 Bd7 12. Nxg7+ Kd8 13. Qg4 f5 14. exf6
Qxf6 15. O-O-O h6 16. Bb5 e5 17. dxe5 Nxe5 18. Qg3 c6 19. f4 Ng4 20. Nh5 Qf8
21. Bd3 Qc5 22. Rd2 Nc4 23. Bxc4 Qxc4 24. f5 Bxf5 25. Ng7 Bd7 26. Qd6 Kc8 27.
Re1 Rd8 28. Re7 Qf1+ 29. Nd1 Qg1 30. Ne6 Qb6 31. Nxd8 Qxd8 32. Rde2 1-0

[Event "2nd Indonesia Open Chess Championship ( "]
[Site "Puri Ratna Ballroom, Grand Sah"]
[Date "2012.10.11"]
[Round "1.28"]
[White "Marentek, Hanny"]
[Black "Xu, Jun"]
[Result "1/2-1/2"]
[WhiteElo "2232"]
[BlackElo "2506"]
[PlyCount "118"]
[EventDate "2012.10.11"]

1. d4 Nf6 2. c4 e6 3. Nc3 Bb4 4. Qc2 c5 5. dxc5 Bxc5 6. Nf3 Qb6 7. e3 Qc7 8.
Be2 b6 9. O-O Bb7 10. Rd1 a6 11. Bd2 Be7 12. Be1 d6 13. Rac1 Nbd7 14. Qb1 O-O
15. Nd4 Rac8 16. Bf3 Ne5 17. Bxb7 Qxb7 18. b3 Rfd8 19. h3 h6 20. f3 Nc6 21.
Nxc6 Rxc6 22. a4 d5 23. cxd5 Nxd5 24. Nxd5 Rxd5 25. Rxd5 Rxc1 26. Qxc1 Qxd5 27.
Qc8+ Kh7 28. Qc2+ f5 29. Bf2 Qe5 30. g4 Bd6 31. f4 Qd5 32. gxf5 exf5 33. Qc4
Qd1+ 34. Kg2 Bc5 35. Qf7 Qd2 36. Qc4 Qd6 37. Kg3 Qg6+ 38. Kh2 Qc6 39. Qd3 Qe6
40. Qc4 Qd7 41. Kg3 a5 42. Qc2 Qe6 43. Qc4 Qg6+ 44. Kh2 Qd6 45. Kg3 Kg6 46. Kh2
Qe7 47. Qd3 Qe6 48. Kg3 Kf7 49. Qc4 Ke7 50. Kf3 Qc6+ 51. Kg3 Qd6 52. Qg8 Qf6
53. Kf3 Qc6+ 54. Kg3 Qg6+ 55. Kh2 Qh5 56. Kg3 Qf7 57. Qxf7+ Kxf7 58. Kf3 Ke6
59. Be1 Kd5 1/2-1/2

[Event "2nd Indonesia Open Chess Championship ( "]
[Site "Puri Ratna Ballroom, Grand Sah"]
[Date "2012.10.11"]
[Round "1.29"]
[White "Torre, Eugenio"]
[Black "Hartono"]
[Result "1-0"]
[WhiteElo "2500"]
[BlackElo "2230"]
[PlyCount "63"]
[EventDate "2012.10.11"]

1. d4 c5 2. d5 e5 3. e4 d6 4. Nf3 g6 5. Be2 Bg7 6. O-O Ne7 7. Nc3 O-O 8. Nd2 f5
9. Nc4 a6 10. a4 f4 11. a5 Rf6 12. Na4 Nd7 13. Bd2 g5 14. b4 Rh6 15. bxc5 dxc5
16. Ncb6 Nxb6 17. Nxb6 Rb8 18. Rb1 Kh8 19. Rb3 Ng8 20. Nxc8 Qxc8 21. Bg4 Qc7
22. Bf5 Nf6 23. Rb6 Ne8 24. Rxh6 Bxh6 25. Bc3 Qe7 26. Qh5 Kg7 27. Be6 Nf6 28.
Bxe5 Rf8 29. h3 Qc7 30. Qxh6+ Kxh6 31. Bxc7 Nxe4 32. d6 1-0

[Event "2nd Indonesia Open Chess Championship ( "]
[Site "Puri Ratna Ballroom, Grand Sah"]
[Date "2012.10.11"]
[Round "1.30"]
[White "Margana, Adhy"]
[Black "Nguyen, Duc Hoa"]
[Result "0-1"]
[WhiteElo "2221"]
[BlackElo "2494"]
[PlyCount "63"]
[EventDate "2012.10.11"]

1. Nf3 d5 2. b3 Nf6 3. Bb2 e6 4. e3 Bd6 5. Be2 c5 6. c4 O-O 7. O-O b6 8. cxd5
exd5 9. d4 Bb7 10. Nc3 Nbd7 11. Rc1 Rc8 12. Bd3 Qe7 13. Ne2 Ne4 14. Ng3 f5 15.
dxc5 bxc5 16. Qe2 Rce8 17. Ba6 Ba8 18. Rcd1 Rf7 19. Bb5 Rd8 20. Qc2 Nf8 21. Qb1
Ng6 22. Qa1 f4 23. Nxe4 dxe4 24. Ne5 Rff8 25. Bc4+ Kh8 26. Nxg6+ hxg6 27. exf4
Bxf4 28. Rxd8 Rxd8 29. Qe1 e3 30. f3 Rd2 31. Bc3 Rxa2 32. Qb1 0-1

[Event "2nd Indonesia Open Chess Championship ( "]
[Site "Puri Ratna Ballroom, Grand Sah"]
[Date "2012.10.11"]
[Round "1.31"]
[White "Shyam, Sundar M"]
[Black "Pamungkas, Junaid"]
[Result "1-0"]
[WhiteElo "2494"]
[BlackElo "2221"]
[PlyCount "77"]
[EventDate "2012.10.11"]

1. e4 c5 2. Nf3 Nc6 3. Bb5 e6 4. O-O Nge7 5. c3 a6 6. Ba4 b5 7. Bc2 Bb7 8. Re1
Rc8 9. d4 cxd4 10. cxd4 Nb4 11. Bb3 Rxc1 12. Qxc1 Nd3 13. Qd2 Nxe1 14. Qxe1 Qa8
15. Nbd2 Ng6 16. a4 bxa4 17. Bxa4 Bb4 18. Qe3 Qd8 19. Nb3 O-O 20. Nc5 Bc8 21.
Nd3 Be7 22. g3 Qa5 23. Nd2 f5 24. Nc4 Qc7 25. exf5 Rxf5 26. Rc1 Qd8 27. Nce5
Bb7 28. Nxd7 Bd5 29. N7e5 Nxe5 30. Nxe5 Bd6 31. Bc2 Rf8 32. Bb1 g6 33. Bd3 Qa8
34. Bc4 Bxe5 35. Qxe5 Qc6 36. b3 Rc8 37. Rc2 Qe8 38. Bxd5 exd5 39. Qxd5+ 1-0

[Event "2nd Indonesia Open Chess Championship ( "]
[Site "Puri Ratna Ballroom, Grand Sah"]
[Date "2012.10.11"]
[Round "1.32"]
[White "Muhammad, Luthfi Ali"]
[Black "Wan, Yunguo"]
[Result "0-1"]
[WhiteElo "2218"]
[BlackElo "2477"]
[PlyCount "58"]
[EventDate "2012.10.11"]

1. e4 e6 2. d4 d5 3. Nc3 Bb4 4. e5 c5 5. a3 Bxc3+ 6. bxc3 Qa5 7. Bd2 Qa4 8. Qb1
c4 9. h4 Nc6 10. h5 h6 11. Nf3 Bd7 12. Nh4 O-O-O 13. g3 Nge7 14. Qc1 Rdf8 15.
Bh3 f6 16. exf6 Rxf6 17. O-O g5 18. hxg6 Nxg6 19. Nxg6 Rxg6 20. Kh2 Qa5 21. Qd1
h5 22. Qe2 Qd8 23. Bf4 Qf8 24. Be5 Rhg8 25. Qe3 Nxe5 26. dxe5 Kb8 27. a4 Bc6
28. Qd4 Qf3 29. Rae1 Rxg3 0-1

[Event "2nd Indonesia Open Chess Championship ( "]
[Site "Puri Ratna Ballroom, Grand Sah"]
[Date "2012.10.11"]
[Round "1.34"]
[White "Panggabean, Hasian"]
[Black "Dimakiling, Oliver"]
[Result "0-1"]
[WhiteElo "2204"]
[BlackElo "2470"]
[PlyCount "98"]
[EventDate "2012.10.11"]

1. d4 Nf6 2. Nf3 d5 3. Bf4 Bg4 4. h3 Bxf3 5. exf3 Nbd7 6. Nd2 g6 7. c3 Bg7 8.
Qb3 Qc8 9. Be3 O-O 10. f4 c5 11. Be2 Qc7 12. O-O Rfc8 13. Nf3 e6 14. Rac1 a6
15. Ne5 b5 16. Qd1 Qb7 17. Bf3 a5 18. Qe2 Rab8 19. Rfe1 c4 20. Bd2 Nxe5 21.
fxe5 Nd7 22. h4 b4 23. g3 Qb5 24. Qd1 Bf8 25. h5 a4 26. hxg6 fxg6 27. Bg4 Re8
28. Kg2 Qa5 29. Rh1 a3 30. bxa3 Qxa3 31. cxb4 Bxb4 32. Bg5 Bf8 33. Rc2 Bg7 34.
Qd2 Qa7 35. Ra1 Bf8 36. a4 Bb4 37. Qf4 Ba5 38. Rh1 Nf8 39. Bf6 c3 40. Be2 Rb4
41. Rh4 Rc8 42. Bd3 Rxa4 43. Rg4 Bb6 44. Qh6 Qf7 45. Qe3 Rxd4 46. Rxd4 Qa7 47.
Qg5 Bxd4 48. Rc1 Bxf2 49. Rf1 Be3 0-1

[Event "2nd Indonesia Open Chess Championship ( "]
[Site "Puri Ratna Ballroom, Grand Sah"]
[Date "2012.10.11"]
[Round "1.35"]
[White "Wang, Chen"]
[Black "Purba, Cornelis"]
[Result "1-0"]
[WhiteElo "2469"]
[BlackElo "2203"]
[PlyCount "97"]
[EventDate "2012.10.11"]

1. e4 c5 2. Nf3 e6 3. b3 b6 4. d4 cxd4 5. Nxd4 Bb7 6. Nb5 a6 7. Nd6+ Bxd6 8.
Qxd6 Bxe4 9. Nd2 Bd5 10. Bb2 Nf6 11. c4 Bb7 12. Bd3 Nc6 13. O-O Qb8 14. Ba3
Qxd6 15. Bxd6 Ne7 16. a4 Nc8 17. Ba3 d6 18. a5 bxa5 19. Bb2 Na7 20. Rxa5 Ke7
21. Rd1 Nc6 22. Rg5 Nb4 23. Bb1 g6 24. Ba3 h6 25. Ra5 Nc6 26. Ra4 Rhd8 27. Nf3
Ne8 28. h4 f6 29. Bxg6 Ng7 30. Bc2 Nh5 31. Kf1 f5 32. Nd4 Ne5 33. Ra5 Kf6 34.
f3 Rd7 35. Bc1 Rh8 36. Ne2 Nc6 37. Bb2+ e5 38. Rad5 Ke6 39. c5 Rhd8 40. cxd6
Nf6 41. Rxe5+ Nxe5 42. Nf4+ Kf7 43. Bxe5 Re8 44. Bb2 Re3 45. Kf2 Re8 46. Bxf5
Rdd8 47. Bg6+ Kg7 48. Bxe8 Rxe8 49. Nh5+ 1-0

[Event "2nd Indonesia Open Chess Championship ( "]
[Site "Puri Ratna Ballroom, Grand Sah"]
[Date "2012.10.11"]
[Round "1.37"]
[White "Lou, Yiping"]
[Black "Sean, Winshand Cuhendi"]
[Result "1/2-1/2"]
[WhiteElo "2444"]
[BlackElo "2181"]
[PlyCount "82"]
[EventDate "2012.10.11"]

1. Nf3 d5 2. c4 d4 3. e3 c5 4. exd4 cxd4 5. d3 Nc6 6. g3 e5 7. Bg2 f6 8. O-O
Be6 9. Re1 Qd7 10. a3 a5 11. h4 Nh6 12. Bxh6 gxh6 13. Nbd2 Be7 14. Ne4 f5 15.
Ned2 Bd6 16. b4 axb4 17. axb4 Rxa1 18. Qxa1 O-O 19. b5 Nb4 20. Nxe5 Qc7 21. Qb1
f4 22. Ng6 hxg6 23. Rxe6 fxg3 24. fxg3 Qf7 25. Re2 Qf5 26. Ne4 Qg4 27. Rf2 Rxf2
28. Kxf2 Bxg3+ 29. Nxg3 Qf4+ 30. Bf3 Qe3+ 31. Kg2 Nxd3 32. Bd5+ Kh7 33. Qf1
Nf4+ 34. Kh2 d3 35. Bxb7 d2 36. Bf3 Qe7 37. Ne4 Qxh4+ 38. Kg1 Nh3+ 39. Kg2 Nf4+
40. Kg1 Nh3+ 41. Kg2 Nf4+ 1/2-1/2

[Event "2nd Indonesia Open Chess Championship ( "]
[Site "Puri Ratna Ballroom, Grand Sah"]
[Date "2012.10.11"]
[Round "1.38"]
[White "Suyud, Hartoyo"]
[Black "Gao, Rui"]
[Result "1/2-1/2"]
[WhiteElo "2178"]
[BlackElo "2443"]
[PlyCount "76"]
[EventDate "2012.10.11"]

1. d4 Nf6 2. Nf3 g6 3. Bg5 Bg7 4. Nbd2 O-O 5. c3 d6 6. e4 c5 7. dxc5 dxc5 8.
Bc4 Nc6 9. Qe2 Qc7 10. O-O h6 11. Bh4 Nh5 12. Rfe1 Na5 13. Bb5 Rd8 14. Qe3 Be6
15. Bf1 g5 16. Bg3 Nxg3 17. hxg3 b6 18. b3 g4 19. Nh4 Qe5 20. Rac1 Qg5 21. Nb1
Qxe3 22. Rxe3 h5 23. Ree1 Bf6 24. Ba6 Rab8 25. Rcd1 Nc6 26. Be2 c4 27. bxc4 Na5
28. Nf5 Nxc4 29. Nd4 Bxd4 30. cxd4 Nb2 31. Rd2 Nc4 32. Rdd1 Rbc8 33. d5 Bd7 34.
Rc1 Nd6 35. f3 f6 36. Kf2 Kg7 37. Nd2 b5 38. Nb3 Kf7 1/2-1/2

[Event "2nd Indonesia Open Chess Championship ( "]
[Site "Puri Ratna Ballroom, Grand Sah"]
[Date "2012.10.11"]
[Round "1.39"]
[White "Bitoon, Richard"]
[Black "Jamaludin"]
[Result "1-0"]
[WhiteElo "2430"]
[BlackElo "2174"]
[PlyCount "96"]
[EventDate "2012.10.11"]

1. e4 c5 2. Nf3 Nc6 3. d4 cxd4 4. Nxd4 g6 5. c4 Bg7 6. Be3 Nf6 7. Nc3 d6 8. Be2
Bd7 9. O-O O-O 10. Nc2 b6 11. f3 Rc8 12. Qd2 Ne8 13. Rac1 f5 14. exf5 Bxf5 15.
b3 Nf6 16. Rfe1 Qd7 17. Nb5 Be6 18. Rcd1 Rfd8 19. Nb4 Nxb4 20. Qxb4 Qb7 21. Bd4
Bf7 22. f4 Be8 23. Bf3 Bc6 24. Bxc6 Rxc6 25. Ba1 Nh5 26. Nd4 Nxf4 27. Nxc6 Qxc6
28. Qd2 Bxa1 29. Qxf4 Qc5+ 30. Qe3 Bf6 31. Rd5 Qxe3+ 32. Rxe3 Kf7 33. Kf1 e6
34. Rd1 d5 35. Ke2 d4 36. Rf3 e5 37. Rdf1 Rd6 38. Kd3 a5 39. a3 Re6 40. Ke4 g5
41. g4 Kg6 42. Kd5 Kf7 43. b4 axb4 44. axb4 Ke7 45. Ra1 Rd6+ 46. Ke4 Rc6 47.
Ra7+ Kd8 48. Ra6 d3 1-0

[Event "2nd Indonesia Open Chess Championship ( "]
[Site "Puri Ratna Ballroom, Grand Sah"]
[Date "2012.10.11"]
[Round "1.40"]
[White "Ali, Sadikin"]
[Black "Milliet, Sophie"]
[Result "0-1"]
[WhiteElo "2167"]
[BlackElo "2421"]
[PlyCount "149"]
[EventDate "2012.10.11"]

1. Nf3 c5 2. c4 Nf6 3. Nc3 e6 4. g3 b6 5. Bg2 Bb7 6. O-O Be7 7. e3 a6 8. d4
cxd4 9. exd4 O-O 10. a3 d5 11. Ne5 Ra7 12. cxd5 Nxd5 13. Qb3 Nxc3 14. bxc3 Bxg2
15. Kxg2 Bf6 16. Ng4 Nd7 17. Rd1 Qa8+ 18. Kg1 Qf3 19. Nxf6+ Nxf6 20. Be3 Nd5
21. Re1 b5 22. c4 bxc4 23. Qxc4 a5 24. Qe2 Qf5 25. Rac1 h6 26. Rc5 Rb8 27. Qd2
a4 28. Bf4 Rb1 29. Rxb1 Qxb1+ 30. Rc1 Qf5 31. Be5 Rb7 32. Qc2 Qxc2 33. Rxc2 Rb3
34. Bd6 Nc3 35. Kg2 Kh7 36. Bb4 Nb5 37. Bc5 Rd3 38. Rc4 Nxa3 39. Rxa4 Nb5 40.
Rb4 Na3 41. Kf1 Rc3 42. Ke2 Nc4 43. h4 Na5 44. Kd2 Rf3 45. Ke2 Rf5 46. g4 Rd5
47. Ke3 h5 48. f3 Nc6 49. Rb7 Kg6 50. Rc7 Nb8 51. g5 Rd7 52. Rxd7 Nxd7 53. Ke4
f5+ 54. gxf6 gxf6 55. Ba7 Kf7 56. d5 exd5+ 57. Kxd5 Ne5 58. Ke4 Ng6 59. Bf2 Ke6
60. Bg3 f5+ 61. Ke3 Kd5 62. f4 Kc4 63. Be1 Ne7 64. Bg3 Nd5+ 65. Kf3 Kd3 66. Be1
Ne3 67. Bb4 Nc2 68. Bc5 Nd4+ 69. Kf2 Ke4 70. Bd6 Ne6 71. Kg3 Ke3 72. Bb8 Nd4
73. Ba7 Kd3 74. Kf2 Ne6 75. Bb6 0-1

[Event "2nd Indonesia Open Chess Championship ( "]
[Site "Puri Ratna Ballroom, Grand Sah"]
[Date "2012.10.11"]
[Round "1.41"]
[White "Irwanto, Sadikin"]
[Black "Dewi, Aa Citra"]
[Result "1/2-1/2"]
[WhiteElo "2412"]
[BlackElo "2161"]
[PlyCount "84"]
[EventDate "2012.10.11"]

1. d4 Nf6 2. c4 e6 3. Nf3 b6 4. g3 Bb4+ 5. Bd2 Bxd2+ 6. Qxd2 Ba6 7. Qc2 Bb7 8.
Bg2 O-O 9. Nc3 c5 10. dxc5 bxc5 11. O-O Nc6 12. Rfd1 Qe7 13. a3 Rfd8 14. e3
Rab8 15. Rab1 d6 16. b4 cxb4 17. axb4 a5 18. bxa5 Nxa5 19. Qa4 Ra8 20. Qb4 Rdc8
21. Nb5 Nxc4 22. Nxd6 Nxd6 23. Qxd6 Qxd6 24. Rxd6 Bd5 25. Rdb6 h6 26. Ne5 Bxg2
27. Kxg2 Nd5 28. R6b2 Nc3 29. Rc1 Nd5 30. Rxc8+ Rxc8 31. e4 Nf6 32. f3 Nh7 33.
h4 Nf8 34. Rb7 f6 35. Nd3 Rd8 36. Nf4 Rd2+ 37. Kf1 Rd8 38. Kf2 e5 39. Nd5 Rd7
40. Rb6 Kf7 41. f4 exf4 42. Nxf4 Ng6 1/2-1/2

[Event "2nd Indonesia Open Chess Championship ( "]
[Site "Puri Ratna Ballroom, Grand Sah"]
[Date "2012.10.11"]
[Round "1.42"]
[White "Eshbaev, Avazbek"]
[Black "Juswanto, Denny"]
[Result "0-1"]
[WhiteElo "2156"]
[BlackElo "2412"]
[PlyCount "66"]
[EventDate "2012.10.11"]

1. c4 c5 2. Nc3 Nc6 3. g3 g6 4. Bg2 Bg7 5. d3 Nf6 6. e4 d6 7. Nge2 O-O 8. O-O
Bd7 9. h3 Rb8 10. Be3 a6 11. Qd2 b5 12. f4 Ne8 13. Rae1 Nd4 14. cxb5 axb5 15.
a3 b4 16. axb4 Rxb4 17. Bxd4 cxd4 18. Nd5 Rb5 19. f5 e6 20. fxe6 fxe6 21. Ndf4
Qb6 22. Rb1 Nf6 23. b4 g5 24. e5 Rxe5 25. g4 gxf4 26. Nxf4 Bh6 27. Rf2 Bc6 28.
Rbf1 Bxg2 29. Kxg2 Qc6+ 30. Kh2 Qc3 31. Qa2 Bxf4+ 32. Rxf4 Qxd3 33. Rxf6 Rxf6
0-1

[Event "2nd Indonesia Open Chess Championship ( "]
[Site "Puri Ratna Ballroom, Grand Sah"]
[Date "2012.10.11"]
[Round "1.43"]
[White "Tania, Sachdev"]
[Black "Suryanto"]
[Result "1-0"]
[WhiteElo "2401"]
[BlackElo "2149"]
[PlyCount "45"]
[EventDate "2012.10.11"]

1. d4 Nf6 2. c4 d5 3. cxd5 Nxd5 4. e4 Nf6 5. Nc3 c6 6. Nf3 g6 7. Be2 Bg7 8. O-O
O-O 9. h3 Nbd7 10. Be3 Qa5 11. Qd2 Re8 12. a3 e5 13. b4 Qc7 14. d5 cxd5 15.
exd5 Qd6 16. Nb5 Qb8 17. Rac1 Nb6 18. Nc7 Bf5 19. Rfd1 Ne4 20. Qe1 Qd8 21. Bb5
Nd6 22. Bxe8 Nxe8 23. Nxe8 1-0

[Event "2nd Indonesia Open Chess Championship ( "]
[Site "Puri Ratna Ballroom, Grand Sah"]
[Date "2012.10.11"]
[Round "1.44"]
[White "Hidayat, Arifin"]
[Black "Barus, Cerdas"]
[Result "1/2-1/2"]
[WhiteElo "2141"]
[BlackElo "2400"]
[PlyCount "60"]
[EventDate "2012.10.11"]

1. d4 Nf6 2. Nf3 e6 3. c4 b6 4. a3 Bb7 5. Nc3 d5 6. cxd5 Nxd5 7. Qc2 Nxc3 8.
Qxc3 Be7 9. Bf4 c6 10. Rd1 Nd7 11. e3 O-O 12. Be2 Qc8 13. O-O Nf6 14. Be5 c5
15. dxc5 Qxc5 16. Qxc5 Bxc5 17. h3 Rfd8 18. Bc7 Rdc8 19. Be5 Nd5 20. Nd4 a6 21.
Bf3 Be7 22. Rd2 h6 23. Rfd1 Rc4 24. Nf5 Bf8 25. Nd6 Bxd6 26. Bxd6 Rac8 27. Be5
b5 28. Kh2 Kf8 29. Bd6+ Kg8 30. Be5 Kf8 1/2-1/2

[Event "2nd Indonesia Open Chess Championship ( "]
[Site "Puri Ratna Ballroom, Grand Sah"]
[Date "2012.10.11"]
[Round "1.45"]
[White "Guo, Qi"]
[Black "Masruri, Rahman"]
[Result "1-0"]
[WhiteElo "2391"]
[BlackElo "2136"]
[PlyCount "109"]
[EventDate "2012.10.11"]

1. d4 e6 2. c4 Nf6 3. Nf3 Bb4+ 4. Nbd2 b6 5. a3 Bxd2+ 6. Qxd2 Bb7 7. e3 Ne4 8.
Qc2 a5 9. b3 O-O 10. Be2 f5 11. Bb2 d6 12. O-O Nd7 13. d5 e5 14. b4 g6 15. Ne1
axb4 16. axb4 Rxa1 17. Bxa1 Nef6 18. Nf3 Ne4 19. Bd3 Ng5 20. Nxg5 Qxg5 21. f4
Qe7 22. Qc3 Rc8 23. e4 fxe4 24. Bxe4 Rf8 25. g3 g5 26. fxe5 Rxf1+ 27. Kxf1 Nxe5
28. Kg2 Bc8 29. c5 bxc5 30. bxc5 Qf8 31. Qe1 Ba6 32. Bc3 h6 33. Kh1 Bc4 34. Bg2
Qf5 35. Bxe5 dxe5 36. Be4 Qf7 37. Qd1 Kf8 38. Kg2 h5 39. Qf3 g4 40. Qxf7+ Kxf7
41. Kf2 Kf6 42. Ke3 Bf1 43. Kd2 Bb5 44. Kc3 Be2 45. Kd2 Bc4 46. Kc2 Be2 47. Kc3
Bf3 48. Bxf3 gxf3 49. Kd3 e4+ 50. Ke3 Ke5 51. d6 cxd6 52. c6 Ke6 53. h4 d5 54.
g4 d4+ 55. Kf2 1-0

[Event "2nd Indonesia Open Chess Championship ( "]
[Site "Puri Ratna Ballroom, Grand Sah"]
[Date "2012.10.11"]
[Round "1.46"]
[White "Hukom, David"]
[Black "Wahono, Awam"]
[Result "0-1"]
[WhiteElo "2100"]
[BlackElo "2389"]
[PlyCount "97"]
[EventDate "2012.10.11"]

1. e4 d6 2. d4 g6 3. Nf3 Bg7 4. Nc3 c6 5. a4 a5 6. Be2 Nf6 7. h3 O-O 8. O-O Na6
9. Bg5 Nb4 10. Qd2 Re8 11. Rad1 Qc7 12. Bh6 e5 13. Bxg7 Kxg7 14. dxe5 dxe5 15.
Bc4 h6 16. Ne1 Be6 17. Bxe6 Rxe6 18. Qe2 Rd8 19. Rxd8 Qxd8 20. Nf3 Qe7 21. Rd1
Rd6 22. Kh2 Nd7 23. g3 Nc5 24. Rxd6 Qxd6 25. Kg2 Ne6 26. Nb1 Nd4 27. Nxd4 Qxd4
28. Nc3 Na6 29. Qe1 Nc5 30. b3 Ne6 31. Qe3 Kf6 32. Ne2 Qxe3 33. fxe3 Ke7 34. h4
Kd6 35. Kf2 Kc5 36. Ke1 b5 37. Nc3 Kb4 38. Kd2 Nc5 39. axb5 cxb5 40. Nd5+ Ka3
41. Nc3 b4 42. Nb5+ Ka2 43. Nd6 f6 44. Kc1 h5 45. Kd2 Nxb3+ 46. cxb3 Kxb3 47.
Kc1 a4 48. Kb1 a3 49. Nb7 0-1

[Event "2nd Indonesia Open Chess Championship ( "]
[Site "Puri Ratna Ballroom, Grand Sah"]
[Date "2012.10.11"]
[Round "1.47"]
[White "Lioe, Dede"]
[Black "Azarya, Jodi Setyaki"]
[Result "0-1"]
[WhiteElo "2387"]
[BlackElo "2005"]
[PlyCount "78"]
[EventDate "2012.10.11"]

1. c4 Nf6 2. Nc3 g6 3. g3 Bg7 4. Bg2 O-O 5. Nf3 d6 6. d4 Nbd7 7. O-O e5 8. Qc2
Re8 9. Rd1 c6 10. dxe5 dxe5 11. b3 Qa5 12. Bd2 Qc7 13. Na4 Nf8 14. Bc3 Bf5 15.
Qb2 Ne4 16. Be1 Ne6 17. Nh4 Nd6 18. Rac1 g5 19. Nxf5 Nxf5 20. e3 g4 21. Nc3 Ng5
22. Qe2 h5 23. Ne4 Nxe4 24. Bxe4 Nd6 25. Bb1 e4 26. c5 Nc8 27. h3 f5 28. b4 Ne7
29. hxg4 hxg4 30. a4 Ng6 31. Ba2+ Kh7 32. Kg2 Rad8 33. Bd2 Ne5 34. Bb1 Nf3 35.
Bc3 Bxc3 36. Rxc3 Rxd1 37. Qxd1 Rd8 38. Qb3 Kg6 39. Rc1 Kh7 0-1

[Event "2nd Indonesia Open Chess Championship ( "]
[Site "Puri Ratna Ballroom, Grand Sah"]
[Date "2012.10.11"]
[Round "1.48"]
[White "Ferdiman, Tersiman"]
[Black "Pham, Le Thao Nguyen"]
[Result "0-1"]
[WhiteElo "2005"]
[BlackElo "2387"]
[PlyCount "82"]
[EventDate "2012.10.11"]

1. e4 c5 2. Nf3 e6 3. d4 cxd4 4. Nxd4 a6 5. Nc3 Qc7 6. Be2 b5 7. a3 Bb7 8. O-O
Nf6 9. Bf3 d6 10. Bg5 Nbd7 11. Bxf6 Nxf6 12. Re1 Be7 13. Qd2 O-O 14. h4 Rfd8
15. h5 h6 16. Rad1 Rac8 17. Qe2 Nd7 18. Bg4 Nf8 19. f4 Bh4 20. Rf1 Qb6 21. Kh2
Rc4 22. Nf3 Bf6 23. Nd2 Rcc8 24. e5 dxe5 25. fxe5 Qc7 26. Nf3 Nd7 27. Kh1 Nxe5
28. Nxe5 Bxe5 29. Rxd8+ Rxd8 30. Bf3 Bxc3 31. bxc3 Bxf3 32. Qxf3 Rd5 33. a4
bxa4 34. c4 Rg5 35. Qa8+ Kh7 36. Qe4+ f5 37. Qxe6 Rxh5+ 38. Kg1 Qc5+ 39. Rf2 a3
40. Qxa6 Rh4 41. Kf1 Qe3 0-1

[Event "2nd Indonesia Open Chess Championship ( "]
[Site "Puri Ratna Ballroom, Grand Sah"]
[Date "2012.10.11"]
[Round "1.50"]
[White "Aay, Aisyah Anisa"]
[Black "Purnama, Tirta Chandra"]
[Result "0-1"]
[WhiteElo "1839"]
[BlackElo "2384"]
[PlyCount "82"]
[EventDate "2012.10.11"]

1. e4 c5 2. Nf3 e6 3. d4 cxd4 4. Nxd4 a6 5. c4 Nf6 6. Bd3 Qc7 7. O-O b6 8. Re1
Bc5 9. Be3 Bb7 10. Nc3 O-O 11. a3 Re8 12. b4 Bf8 13. Bg5 Qe5 14. Bxf6 gxf6 15.
Nce2 a5 16. f4 Qh5 17. Ng3 Qxd1 18. Raxd1 axb4 19. Nh5 Bc5 20. Nxf6+ Kf8 21.
Bb1 bxa3 22. Ba2 Rd8 23. Nxh7+ Kg7 24. Ng5 Nc6 25. Ngf3 Nb4 26. Rd2 Nxa2 27.
Rxa2 Ra4 28. Kh1 Rxc4 29. Nb3 Bb4 30. Nbd2 Rc3 31. Rb1 Bc5 32. Ng1 Ba6 33. Rba1
Bd3 34. Nb1 Rb3 35. Nd2 Rb2 36. Ngf3 Rxa2 37. Rxa2 d5 38. e5 Rc8 39. Ne1 Bf5
40. h3 Bb4 41. Nef3 Rc2 0-1

[Event "2nd Indonesia Open Chess Ch. 2012"]
[Site "Grand SahidJaya Hotel, Jakarta"]
[Date "2012.10.12"]
[Round "2.1"]
[White "Nguyen, Duc Hoa"]
[Black "Sokolov, Ivan"]
[Result "1-0"]
[WhiteElo "2494"]
[BlackElo "2690"]
[PlyCount "109"]
[EventDate "2012.10.11"]

1. d4 Nf6 2. c4 e6 3. Nf3 d5 4. g3 Bb4+ 5. Bd2 Bd6 6. Bg2 c6 7. Qc2 Nbd7 8. O-O
O-O 9. Rd1 Ne4 10. Be1 f5 11. Nfd2 Qf6 12. Nc3 Kh8 13. Rac1 Qh6 14. Ndxe4 fxe4
15. Qd2 Qxd2 16. Bxd2 Nf6 17. f3 exf3 18. Bxf3 dxc4 19. Ne4 Nxe4 20. Bxe4 e5
21. Bc3 exd4 22. Bxd4 Be7 23. Rxc4 Be6 24. Ra4 Rfd8 25. Rd3 a5 26. Bc3 Rf8 27.
Rf3 Rfe8 28. Rd3 Bc5+ 29. Kg2 b5 30. Rxa5 Rxa5 31. Bxa5 Bxa2 32. Rd8 Rxd8 33.
Bxd8 Bd5 34. Bxd5 cxd5 35. Kf3 Kg8 36. e4 dxe4+ 37. Kxe4 Bg1 38. h3 Kf7 39. Kd5
Ke8 40. Ba5 Kd7 41. g4 g6 42. Bb4 h5 43. b3 hxg4 44. hxg4 Bf2 45. Bd2 Bb6 46.
Bg5 Bf2 47. Ke5 Kc6 48. Kf6 Kc5 49. Bd2 Kd4 50. Kxg6 Kd3 51. Ba5 b4 52. Bxb4
Ke2 53. Kf5 Bh4 54. Bd6 Kf3 55. Be5 1-0

[Event "2nd Indonesia Open Chess Ch. 2012"]
[Site "Grand SahidJaya Hotel, Jakarta"]
[Date "2012.10.12"]
[Round "2.2"]
[White "Wan, Yunguo"]
[Black "Tkachiev, Vladislav"]
[Result "1/2-1/2"]
[WhiteElo "2477"]
[BlackElo "2662"]
[PlyCount "106"]
[EventDate "2012.10.11"]

1. e4 e5 2. Nf3 Nc6 3. Bb5 a6 4. Ba4 Nf6 5. O-O Be7 6. Re1 b5 7. Bb3 O-O 8. a4
b4 9. d4 d6 10. dxe5 dxe5 11. Qxd8 Rxd8 12. Nbd2 h6 13. Nc4 Bd6 14. a5 Be6 15.
Be3 Rab8 16. Nfd2 Ng4 17. h3 Nxe3 18. Nxe3 Bc5 19. Bxe6 Rxd2 20. Bd5 Bxe3 21.
fxe3 Ne7 22. Bc4 Rxc2 23. b3 Rxc4 24. bxc4 Kf8 25. Red1 Ke8 26. Kf2 f6 27. Ke2
Nc6 28. Rd5 Ne7 29. Rd3 Nc8 30. Rd5 Ne7 31. Rd2 Nc8 32. Kd3 Ke7 33. c5 Na7 34.
Rad1 Nc6 35. Kc2 Ke6 36. Rd6+ cxd6 37. Rxd6+ Ke7 38. Rxc6 Rb5 39. Kb3 Rxa5 40.
Kxb4 Ra1 41. Rc7+ Ke6 42. Rxg7 Rb1+ 43. Kc4 Rc1+ 44. Kb4 Rb1+ 45. Kc4 Rc1+ 46.
Kd3 Rxc5 47. Rh7 a5 48. Rxh6 Rc8 49. g4 Kf7 50. Rh7+ Kg6 51. Ra7 Rh8 52. Rxa5
Rxh3 53. Ra8 Rg3 1/2-1/2

[Event "2nd Indonesia Open Chess Ch. 2012"]
[Site "Grand SahidJaya Hotel, Jakarta"]
[Date "2012.10.12"]
[Round "2.3"]
[White "Yu, Yangyi"]
[Black "Cao, Sang"]
[Result "1-0"]
[WhiteElo "2651"]
[BlackElo "2514"]
[PlyCount "113"]
[EventDate "2012.10.11"]

1. e4 e6 2. d4 d5 3. Nd2 dxe4 4. Nxe4 Nd7 5. Nf3 Ngf6 6. Bd3 Nxe4 7. Bxe4 Nf6
8. Bd3 Be7 9. Qe2 O-O 10. Bg5 c5 11. dxc5 Qa5+ 12. c3 Qxc5 13. O-O Bd7 14. Bxf6
Bxf6 15. Bxh7+ Kxh7 16. Qd3+ Kg8 17. Qxd7 b5 18. Qd2 Rfd8 19. Qe2 a5 20. Rad1
b4 21. c4 a4 22. Qc2 a3 23. b3 g6 24. Qe4 Kg7 25. g4 Qc7 26. Kg2 Ra5 27. Rh1 g5
28. h3 Rd6 29. Rhe1 Raa6 30. h4 gxh4 31. g5 Bc3 32. Rh1 Rxd1 33. Rxd1 h3+ 34.
Kxh3 Ra5 35. Kg2 Rf5 36. Rh1 Qf4 37. Rh4 Qxe4 38. Rxe4 Rc5 39. Kf1 Kg6 40. Ke2
Rc8 41. Rh4 Bg7 42. Ke3 Kf5 43. Rf4+ Kg6 44. Nh4+ Kxg5 45. Rxf7 Bc3 46. Nf3+
Kg6 47. Re7 Rh8 48. Rb7 Kf6 49. c5 Rc8 50. Rb5 Ke7 51. Ng5 Kd7 52. Ne4 Rh8 53.
Rb7+ Kc6 54. Rb6+ Kd5 55. Rd6+ Ke5 56. Rd7 Rh1 57. f4+ 1-0

[Event "2nd Indonesia Open Chess Ch. 2012"]
[Site "Grand SahidJaya Hotel, Jakarta"]
[Date "2012.10.12"]
[Round "2.4"]
[White "Iordachescu, Viorel"]
[Black "Torre, Eugenio"]
[Result "1/2-1/2"]
[WhiteElo "2637"]
[BlackElo "2500"]
[PlyCount "67"]
[EventDate "2012.10.11"]

1. e4 e5 2. Nf3 Nc6 3. Bb5 a6 4. Ba4 Nf6 5. O-O Be7 6. Re1 b5 7. Bb3 d6 8. c3
O-O 9. h3 Na5 10. Bc2 c5 11. d4 Qc7 12. d5 c4 13. b4 cxb3 14. axb3 Nb7 15. b4
Nd7 16. Be3 Nb6 17. Nbd2 Bd7 18. Ra3 a5 19. Qa1 Na4 20. Bxa4 axb4 21. cxb4 Rxa4
22. Rxa4 bxa4 23. Rc1 Qb8 24. Nc4 Rc8 25. Nb6 Rxc1+ 26. Qxc1 Be8 27. Nd2 Bd8
28. Nb1 Bxb6 29. Bxb6 Bd7 30. Na3 Qc8 31. Qd2 h6 32. Be3 f5 33. exf5 Bxf5 34.
b5 {1/2-1/2} 1/2-1/2